000 00499cam a2200169 4500500
005 20260405000725.0
041 _afre
042 _adc
100 1 0 _aDuru, Martin
_eauthor
245 0 0 _aDu corps
260 _c2009.
500 _a37
690 _aAndré Comte-Sponville
690 _aAphorismes
786 0 _nPhilosophie magazine | 26 | 2 | 2009-02-01 | p. 38-38 | 1951-1787
856 4 1 _uhttps://shs.cairn.info/magazine-philosophie-magazine-2009-2-page-38?lang=fr&redirect-ssocas=7080
999 _c2040150
_d2040150